Mutual Funds In India : Vehicle For Fixed Income Investments (Record no. 96253)
[ view plain ]
| 000 -LEADER | |
|---|---|
| fixed length control field | 00626nam a2200229Ia 4500 |
| 005 - DATE AND TIME OF LATEST TRANSACTION | |
| control field | 20230420144758.0 |
| 008 - FIXED-LENGTH DATA ELEMENTS--GENERAL INFORMATION | |
| fixed length control field | 230125s9999 xx 000 0 und d |
| 020 ## - INTERNATIONAL STANDARD BOOK NUMBER | |
| International Standard Book Number | 9789351108917 |
| 041 ## - LANGUAGE CODE | |
| Language code of text/sound track or separate title | eng |
| 082 ## - DEWEY DECIMAL CLASSIFICATION NUMBER | |
| Classification number | 658.15 |
| Item number | SEN |
| 100 ## - MAIN ENTRY--PERSONAL NAME | |
| Author | Sen J |
| 245 ## - TITLE STATEMENT | |
| Title | Mutual Funds In India : Vehicle For Fixed Income Investments |
| 250 ## - EDITION STATEMENT | |
| Edition statement | 2nd Ed. |
| 260 ## - PUBLICATION, DISTRIBUTION, ETC. | |
| Date of publication, distribution, etc. | 2018 |
| Name of publisher, distributor, etc. | Shroff publisher and distributors |
| Place of publication, distribution, etc. | Mumbai |
| 300 ## - PHYSICAL DESCRIPTION | |
| Extent | 253p |
| 500 ## - GENERAL NOTE | |
| Keywords | Financial services;Mutual Funds |
| 650 ## - SUBJECT ADDED ENTRY--TOPICAL TERM | |
| Topical term or geographic name entry element | Financial services Mutual Funds |
| 700 ## - ADDED ENTRY--PERSONAL NAME | |
| Personal name | Sen J |
| 942 ## - ADDED ENTRY ELEMENTS (KOHA) | |
| Koha item type | Books |
| 906 ## - LOCAL DATA ELEMENT F, LDF (RLIN) | |
| b | 154 |
| Withdrawn status | Lost status | Damaged status | Not for loan | Home library | Current library | Date acquired | Vendor | Net Price | Bill number | Total Checkouts | Full call number | Barcode | Date last seen | Date last checked out | Actual Price | Bill Date | Koha item type | Original Barcode |
|---|---|---|---|---|---|---|---|---|---|---|---|---|---|---|---|---|---|---|
| Smt. Hiraben Nanavati Institute of Management & Research for Women | Smt. Hiraben Nanavati Institute of Management & Research for Women | 07/01/2020 | Forward Books | 550.00 | 11164 | 1 | 658.15 SEN B19560 | HIMR-BK-19560 | 13/09/2023 | 21/08/2023 | 396.00 | 25/01/2023 | Books | B19560 | ||||
| Smt. Hiraben Nanavati Institute of Management & Research for Women | Smt. Hiraben Nanavati Institute of Management & Research for Women | 07/01/2020 | Forward Books | 550.00 | 11164 | 658.15 SEN B19561 | HIMR-BK-19561 | 25/01/2023 | 396.00 | 25/01/2023 | Books | B19561 |